Entry Nombre personal
001 - NÚMERO DE CONTROL
- campo de control: 107435
003 - IDENTIFICADOR DE NÚMERO DE CONTROL
- campo de control: SpMaBN
005 - FECHA Y HORA DE LA ÚLTIMA TRANSACCIÓN
- campo de control: 20230809181914.0
008 - ELEMENTOS DE DATO DE LONGITUD-FIJA
- campo de control de longitud fija: 960922nn azznnaabn a aaa
016 ## - NÚMERO DE CONTROL DE UNA AGENCIA BIBLIOGRÁFICA NACIONAL
- Número de control del registro: BNE19998364618
024 7# - IDENTIFICADOR DE OTROS ESTÁNDARES
- Número estándar o código: http://viaf.org/viaf/285678926
- Fuente: viaf
040 ## - FUENTE DE CATALOGACIÓN
- Centro catalogador/agencia de origen: SpMaBN
- Lengua de catalogación: spa
- Centro/agencia transcriptor: SpMaBN
- Normas de descripción: rdc
- Convención/Normas de encabezamiento de materia/tesauro: embne
046 ## - FECHAS CON CODIFICACIÓN ESPECIAL
- Fecha de nacimiento: 1902
- Fecha de la muerte: 1971
100 1# - ENCABEZAMIENTO-NOMBRE DE PERSONA
- Nombre de persona: Sosa, Luis de,
- Fechas asociadas al nombre: 1902-1971
370 ## - LUGAR ASOCIADO
- Lugar de nacimiento: España, Madrid (Comunidad Autónoma), Madrid
370 ## - LUGAR ASOCIADO
- Lugar de fallecimiento: España, Madrid (Comunidad Autónoma), Madrid
- Fuente del término: embne
372 ## - CAMPO DE ACTIVIDAD
- Campo de actividad: España-Historia-S.XIX
373 ## - GRUPO ASOCIADO
- Grupo asociado: Ateneo de Madrid
- Fuente de información: Listado de socios anteriores a 1 de abril de 1939 (Archivo del Ateneo); Ateneo de Madrid: memoria 1962-1967
374 ## - OCUPACIÓN
- Ocupación: Profesores
- Ocupación: Historiadores
375 ## - GÉNERO/SEXO
- Género: Masculino
377 ## - IDIOMA ASOCIADO
- Código del idioma: spa
- Término de lengua/lenguaje: Español
400 1# - TRAZADO DE VÉASE--NOMBRE DE PERSONA
- Nombre de persona: Sosa y Pérez, Luis,
- Fechas asociadas al nombre: 1902-1971
670 ## - FUENTE DE DATOS ENCONTRADOS
- Cita de la fuente: Don Francisco Martínez de la Rosa, político y poeta, 1930
- Información encontrada: port. (Luis de Sosa)
670 ## - FUENTE DE DATOS ENCONTRADOS
- Cita de la fuente: Espasa
- Información encontrada: (Sosa y Pérez, Luis; escritor español, n. 21-6-1902, en Madrid)
670 ## - FUENTE DE DATOS ENCONTRADOS
- Cita de la fuente: WWW ABC de Madrid, Hemeroteca, 20-02-1972, consultado el 08-02-2022
- Información encontrada: (Luis de Sosa Pérez, Catedrático de Historia Política Contemporánea de la Universidad de Madrid, m. 22-02-1971 en Madrid)
670 ## - FUENTE DE DATOS ENCONTRADOS
- Cita de la fuente: WWW BN España aut., 09/08/2023
- Información encontrada: (Sosa, Luis de, 1902-1971)
678 ## - DATOS BIOGRÁFICOS O HISTÓRICOS
- Datos biográficos o históricos: Socio del Ateneo de Madrid n. 13271
- Ampliación de la nota: Fuentes: Listado de socios anteriores a 1 de abril de 1939 (Archivo del Ateneo); Ateneo de Madrid: memoria 1962-1967
